01364cam a2200289 a 450000100090000000300050000900500170001400800410003101000170007202000150008902500270010403500210013103700740015204000130022604200100023904300120024905000230026108200170028410000280030124500760032926000440040530000290044950504850047860000280096361000480099165000350103912463043NUST20230209123530.0010302s2001 ii a 001 0aeng  a 2001293936 a8170491282 aI-E-2001-293936; 63-91 a(DLC) 200129393 bLibrary of Congress -- New Delhi Field OfficecRs595.00 ($35.00 U.S.) aDLCcDLC alcode aa-ii---00aV64.I42bB492 2001 a954.0359,BHA1 aBhagwat, Vishnu,d1939-10aBetrayal of the defence forces : bThe inside truth / cVishnu Bhagwat. aNew Delhi :bManas Publications,c2001. a416 p. :bill. ;c22 cm. aBackground (Page-13), Entry with a flourish of trumpets (Page-37), Taking over the reins (Page-43), People - The key resources (Page-53), The Navy and the Nation (Page-61), Advanced light helicopter (Page-73), Air defence ship (Page-81), Memorandum of understanding (Page-93), Dawn of Reality (Page-103), Ajit Kumar (Page-109), Selective logic (Page-155), Public outcry (Page-214), The "Defence" Minister (Page-245), Victory or Sacrifice (Page-253), A Matter of honor (Page-261).10aBhagwat, Vishnu,d1939-10aIndia.bIndian NavyxHistoryy20th century. 0aAdmiralsxDismissal ofzIndia.